000 00452nam a2200157 4500
001 116865
003 ES-MaACL
005 20230906190800.0
007 t|
008 061121s1970 sp r ||||1| spa d
100 1 _aPascual Ferrández, Antonio.
_989381
245 1 0 _aValoración de valores /
_cAntonio Pascual Ferrández.
260 _aBarcelona :
_bEdit. Peñíscola,
_c1970.
300 _a198 p. ;
_c17 cm.
852 _aES-MaACL
_jC-44911
_bR.77585
999 _c116865
_d116865